Animal Kingdom - Dinosaurs - Statistics

General Stats
  • This quiz has been taken 30 times
  • The average score is 20 of 25
Answer Stats
Question Answer % Correct
Which of the pictures below shows a Velociraptor?
100%
What is the name of a diverse group of extinct flying reptiles that both ruled the skies and were close evolutionary relatives of dinosaurs? Pterosaurs
100%
Which of the pictures below shows a Stegosaurus?
96%
What animals are the only direct living descendants of dinosaurs? Birds
96%
How did most dinosaurs likely reproduce? Laying eggs
96%
Which dinosaur is famous for having three horns on its face? Triceratops
96%
Which of the pictures below shows a Brachiosaurus?
92%
Which of the following dinosaurs had a giraffe-like neck? Brachiosaurus
92%
What was the name of the supercontinent where the dinosaurs first appeared? Pangea
92%
What is the name of the group of gigantic, four-legged dinosaurs, with extremely long necks and tails? Sauropods
92%
When did the asteroid that caused the extinction of the dinosaurs hit Earth? 66 million years ago
88%
In what country were dinosaur fossils thought to be dragon bones? China
88%
What is the nickname of the most complete T-rex specimen ever discovered in 1990? Sue
88%
Which of the pictures below shows a Pteranodon?
83%
In which modern country did the asteroid that many scientists believe killed the dinosaurs hit? Mexico
83%
In what era did dinosaurs live? Mesozoic
79%
What dinosaur was quite possibly the largest animal ever to walk the earth? It is believed to have reached lengths of up to 45 meters and weighed as much as 110 tons. Argentinosaurus
75%
What dinosaur had a notable feature the double crest in the upper part of the skull? Dilophosaurus
75%
In what period did dinosaurs first appear? Triassic
75%
What was the first dinosaur to be discovered in 1824 by paleontologist William Buckland? Megalosaurus
63%
What does "dinosaur" mean? Terrible lizard
63%
Which animal, often mistaken for a dinosaur, was the most ferocious predator of the early Permian period many millions of years before dinosaurs appeared? Dimetrodon
58%
How are the two groups of dinosaurs differentiated? Hip bones
58%
Which British paleontologist first used the word 'dinosaur' in 1842? Richard Owen
46%
How many claws did a Tyrannosaurus Rex have on each hand? Two
46%
No matching quizzes found
Score Distribution
Percent of People with Each Score
Percentile by Number Answered
Your Score History
You have not taken this quiz